Códigos de Aeropuertos Europeos - ¡Muerte Súbita! - Estadísticas

Estadísticas generales
  • Esta prueba ha sido intentada 189 veces
  • La puntuación promedio es 10 de 20
Answers on the Grid
Answers color-coded by a green-red scale on the quiz's grid according to % correct below.
AKL
AMS
ATH
ATL
BKK
BRU
CAI
CDG
DEL
ESB
EZE
FCO
GIG
HAM
HKG
HND
JFK
JNB
JRS
KEF
LAX
LHR
LIS
LJU
LUX
MAD
MAN
MEX
MSQ
MXP
PVG
RBA
SJJ
SVO
SYD
VIE
WAW
YUL
YVR
ZRH
 
Estadísticas de respuestas
Respuesta % Correcto
Ámsterdam AMS
78%
Madrid MAD
76%
Bruselas BRU
68%
Luxemburgo LUX
66%
Hamburgo HAM
64%
Viena VIE
64%
Atenas ATH
58%
Lisboa LIS
55%
Zúrich ZRH
53%
Varsovia WAW
49%
Manchester MAN
46%
Roma FCO
45%
Liubliana LJU
45%
Moscú SVO
45%
París CDG
42%
Londres LHR
29%
Milan MXP
24%
Reikiavik KEF
16%
Sarajevo SJJ
15%
Minsk MSQ
14%
No se encontraron pruebas coincidentes
Distribución de puntuación
Porcentaje de gente con cada puntuación
Porcentaje por número respondido
Historial de tus puntuaciones
No has intentado esta prueba.